Arcángeles : cuatro historias no muy ortodoxas de revolucionarios /

Arcángeles: cuatro historias no muy ortodoxas de revolucionarios (1988), perteneciente a la segunda veta de la bibliografía de Taibo II, es una colección de retratos y episodios de la izquierda política durante las décadas de 1920 y 1930, la mayor parte de ellos situados en México. Taibo II se aprox...

Deskribapen osoa

Gorde:
Xehetasun bibliografikoak
Egile nagusia: Taibo, Paco Ignacio, II (autor)
Formatua: Liburua
Hizkuntza:gaztelania
Argitaratua: México : Alianza, 1988, c1988
Saila:(El Libro de Bolsillo)
Gaiak:
Etiketak: Etiketa erantsi
Etiketarik gabe, Izan zaitez lehena erregistro honi etiketa jartzen!

MARC

LEADER 00000nam^a2200000^a^4500
001 000025058
005 20250521000000.0
009 20260310084638.297
020 |a 968-6001-80-8 
037 |a Acervo ITESO - Biblioteca 
041 |a ESP 
082 |a 320. 092  |b TAI 
100 |a Taibo, Paco Ignacio,  |c II  |e (autor) 
240 1 1 |a [Arcángeles: historias de revolucionarios] 
245 1 0 |a Arcángeles :  |b cuatro historias no muy ortodoxas de revolucionarios /  |c P.I. Taibo II. 
264 4 |a México :  |b Alianza,  |c 1988, c1988 
300 |a 135 p. 
336 |a texto  |b txt  |2 rdacontenido 
337 |a sin mediación  |b n  |2 rdamedio 
338 |a volumen  |b nc  |2 rdasoporte 
440 4 |a (El Libro de Bolsillo) 
520 |a Arcángeles: cuatro historias no muy ortodoxas de revolucionarios (1988), perteneciente a la segunda veta de la bibliografía de Taibo II, es una colección de retratos y episodios de la izquierda política durante las décadas de 1920 y 1930, la mayor parte de ellos situados en México. Taibo II se aproxima a la figura del anarquista potosino Librado Rivera (1864-1932), repasa la producción pictórica muralista en el contexto político del régimen presidencial de Alvaro Obregón y recupera el paso del anarquista español Buenaventura Durruti (1896-1936) por el país; al margen de ese marco geográfico, el autor dedica el primer capítulo al alemán Max Hölz (1889-1933), cuya actuación revolucionaria ocurrió durante la República de Weimar. Taibo II incorporó posteriormente estas cuatro historias en el más extenso volumen titulado Arcángeles: doce historias de revolucionarios herejes del siglo XX (1998). 
545 0 |a El escritor Paco Ignacio Taibo II nació en 1949 en España, pero llegó desde 1958 a México, país cuya nacionalidad adoptó. Es autor de numerosas obras, entre las que destacan, por su repercusión crítica y de público, sus narraciones de carácter policíaco. Días de combate (1976), Cosa fácil (1977), Héroes convocados: manual para la toma del poder (1982), Algunas nubes (1985), De paso (1986), La vida misma (1987), Regreso a la misma ciudad y bajo la lluvia (1989), Sintiendo que el campo de batalla (1989), Amorosos fantasmas (1990), Cuatro manos/Four Hands (1990), Desvanecidos difuntos (1991), La lejanía del tesoro (1992), Adiós Madrid (1993), La bicicleta de Leonardo (1993), Que todo es imposible (1995) y Máscara azteca y el doctor Niebla: después del golpe (1996) forman parte de su producción novelística, a las que se suman libros de relatos como Doña Eustolia blandió el cuchillo cebollero (1982) y El regreso de la verdadera araña (1988). Diversos episodios y personajes de las fuerzas políticas de izquierda protagonizan una segunda veta de su obra: La gran huelga del verano de 1920 en Monterrey (1982), El socialismo en un solo puerto: Acapulco, 1919-1923 (1983), Memoria roja: luchas sindicales de los años veinte (1984), Bolsheviks: historia narrativa de los orígenes del comunismo en México, 1919-1925 (1986), La batalla de El Che: Santa Clara (1989), Cárdenas de cerca: una entrevista biográfica (1994), Ernesto Guevara, también conocido como El Che (1996) y Pancho Villa: una biografía narrativa (2006) son ejemplos representativos de esa vertiente periodístico-histórica. 
649 |a XX 
650 |a Revolucionarios -  |x Biografías -  |x Tema Principal 
650 |a Políticos -  |x Biografías 
650 |a Pintores Mexicanos -  |x Biografías 
650 |a Artistas Mexicanos -  |x Biografías 
650 |a Pintura Mural -  |z México -  |x Historia y Crítica 
650 |a Pintura Moderna -  |z México -  |x Historia y Crítica 
650 |a Pintura Mexicana -  |x Historia y Crítica 
650 |a Arte Moderno -  |z México -  |x Historia y Crítica 
650 |a Arte y Política -  |z México -  |x Historia y Crítica 
650 |a Arte Mexicano -  |x Historia y Crítica 
650 |a Sindicalismo -  |z México -  |x Historia 
650 |a Comunismo -  |z México -  |x Historia 
650 |a Anarquismo -  |z México -  |x Historia 
650 |a Izquierda, La -  |z México -  |x Historia 
650 |a Izquierda, La -  |x Historia -  |y Siglo XX -  |x Tema Principal 
650 |a Política -  |z Alemania -  |x Historia 
650 |a Política -  |z México -  |x Historia 
650 |a Alemania -  |x Historia -  |y República de Weimar, 1919-1933 
650 |a México -  |x Historia -  |y Régimen Obregonista, 1920-1924 
650 |a México -  |x Historia -  |y Régimen Callista, 1924-1928 
650 |a México -  |x Historia -  |y Maximato, 1928-1934 
650 |a México -  |x Historia -  |y Siglo XX 
650 |a Durruti, Buenaventura 
650 |a Hölz, Max 
650 |a Rivera, Diego 
650 |a Rivera, Librado 
650 |a Siqueiros 
910 |a Fondo General 
920 |a Impresos - Libros 
930 |a Colección General 
905 |a 101 
901 |a 0250580100  |b IT1  |c ACC  |i 025058  |u 20250521 
902 |a https://opac.biblio.iteso.mx/vufind/Record/000025058